| 000 | 00412cam a2200169ua 4500 | ||
|---|---|---|---|
| 020 | _c10.60 | ||
| 041 |
_aeng _h |
||
| 082 |
_a823.308 _bDIC/PI |
||
| 100 | _aDickens, Charles. | ||
| 245 |
_aPickwick papers / _cCharles dickens. _hTextual Documents |
||
| 260 |
_aLondon : _bJ M Dent and Sons Ltd , _c1959. |
||
| 300 | _a797 ; . | ||
| 365 | _a10.60 | ||
| 504 | _a | ||
| 942 | _cBK | ||
| 999 |
_c12664 _d12664 |
||